000 00880nam a22002897a 4500
001 5005
003 FISKH
005 20241031121446.0
008 241031b cb ||||| |||| 00| 0 eng d
020 _a9780545215862
040 _aFISKH
_beng
_cFISKH
_dFISKH
050 _aPZ7.B7633
082 _2395
100 _aBridwell, Norman
_d(1928–2014)
245 _aClifford's manners /
_cNorman Bridwell
250 _aThis edition first printing in 2010
260 _aNew York :
_bScholastic,
_c2010.
300 _a22 pages :
_bColor illustrations ;
_c21 cm
505 _aG
520 _aEveryone loves Clifford, the big red dog, because Emily Elizabeth has taught him such beautiful manners.
521 8 _a300L
_bLexile
521 8 _aG
_bRaz-Plus
650 _2Clifford
_aClifford the Big Red Do
650 _2Dogs
_aFiction
942 _2ddc
_cBK
_n0
999 _c5005
_d5005